Sklad je živý organismus
Tomáš Jeřábek stál na začiatku českej on-line rychloobrátky. Na pozícii obchodného riaditeľa pomáhal spustiť on-line aktivity veľkých globálnych FMCG značiek. V roku 2018 prevzal vedenie e-shopu Košík.cz, v rámci ktorého spustil celý rad pionierských projektov napr. predaj bezobalových potravín. Hov...
Salvato in:
| Autore principale: | |
|---|---|
| Natura: | Capitolo di libro |
| Lingua: | ceco |
| Soggetti: | |
| Tags: |
Nessun Tag, puoi essere il primo ad aggiungerne!!
|
MARC
| LEADER | 00000naa a2200000 4500 | ||
|---|---|---|---|
| 001 | 0268345 | ||
| 005 | 20200909160010.1 | ||
| 041 | 0 | |a cze | |
| 044 | |a CZ | ||
| 245 | 1 | 0 | |a Sklad je živý organismus |c Filip Hubička |
| 520 | |a Tomáš Jeřábek stál na začiatku českej on-line rychloobrátky. Na pozícii obchodného riaditeľa pomáhal spustiť on-line aktivity veľkých globálnych FMCG značiek. V roku 2018 prevzal vedenie e-shopu Košík.cz, v rámci ktorého spustil celý rad pionierských projektov napr. predaj bezobalových potravín. Hovorí, že kontinuálne upravovanie procesov a layoutu skladu je nutným predpokladom. Sklad musíme prestavovať, rozširovať chladiarenské priestory, meniť spôsob nakladania, meniť sektory a to všetko aj preto, aby sme boli rychlejší. | ||
| 610 | 2 | 0 | |a sklady obchodné |
| 610 | 2 | 0 | |a inovácia |
| 610 | 2 | 0 | |a projekty |
| 610 | 2 | 0 | |a obchod elektronický |
| 610 | 2 | 0 | |a predaj zásielkový |
| 610 | 2 | 0 | |a tovar |
| 100 | 1 | |a Hubička, Filip | |